000 00428nam a2200181Ia 4500
001 18138
005 20260306171608.0
008 260306s9999||||xx |||||||||||||| ||und||
041 _aESP
082 _a658.4012
_bG386
100 _aGupta, Anil K.
_eAUT
245 0 _aGlobal strategy and organization
260 _c2004
300 _a224 páginas :
_c23 cm.
650 _aGEN
654 _aCAN
942 _cLIB
_dJUS
_fJUS
_2ddc
_n
999 _c18138
_d18138